2016 24th International Conference on Nuclear Engineering - Volume 3: Thermal-Hydraulics

Λεπτομέρειες βιβλιογραφικής εγγραφής
Μορφή: Ηλεκτρονική πηγή Επιστημονικό περιοδικό
Γλώσσα:English
Έκδοση: ASME
Διαθέσιμο Online:Full text available on ASME[2016-2016]
Off-campus access
LEADER 00979cas a2200181 a 4500
001 AALConferenceProceedingsASME000791
008 230101c9999 xx r poo 0 0eng d
020 |a 978-0-7918-5003-9 
040 |a BD-DhAAL  |c BD-DhAAL 
245 0 0 |h [electronic resource]  |a 2016 24th International Conference on Nuclear Engineering - Volume 3: Thermal-Hydraulics 
260 |b ASME 
300 |a 1 online resource 
500 |a <strong>Off-Campus Access:</strong> Athens ID and Password Required 
500 |a <strong>On-Campus Access:</strong> No User ID or Password Required 
506 |a Electronic access restricted to authorized BRAC University faculty, staff and students 
538 |a Mode of access: Internet 
856 4 0 |z Full text available on ASME[2016-2016]  |u https://asmedigitalcollection.asme.org/ICONE/ICONE24/volume/50039 
856 4 0 |z Off-campus access  |u https://go.openathens.net/redirector/bracu.ac.bd?url=https%3A%2F%2Fasmedigitalcollection.asme.org%2FICONE%2FICONE24%2Fvolume%2F50039